Cities that Start with S by Clue #2 - Statistics

General Stats
  • This quiz has been taken 58 times
  • The average score is 14 of 20
Answer Stats
Clue City % Correct
Formerly known as Petrograd and Leningrad Saint Petersburg
98%
California's State Capital Sacramento
92%
Massachusetts town where witch trials were held in 1692 and 1693 Salem
88%
City where Mozart was born Salzburg
88%
Site of Archduke Franz Ferdinand's assassination in 1914, which helped spark World War I Sarajevo
86%
More than 20 U.S. states have a city or town by this name, but it's the state capital of Illinois Springfield
86%
Its name means "Holy Savior" in Spanish San Salvador
82%
Croatian city largely built around the 4th-century retirement palace of Roman Emperor Diocletian Split
82%
One of Minnesota's "Twin Cities" Saint Paul
80%
Location of the world's largest port Shanghai
80%
Northernmost major city in Japan Sapporo
73%
Largest city in Crimea Sevastopol
61%
The first capital of Brazil, known for its strong Afro-Brazilian culture Salvador
57%
Capital city and one of the oldest cities in the world, also home to one of the oldest mosques in the world Sana'a
57%
South Dakota's largest city Sioux Falls
53%
First permanent European settlement in the Americas, founded in 1496 Santo Domingo
49%
Silk Road city known for its blue-domed mosques Samarkand
45%
Capital of the Falkland Islands Stanley
45%
Southern city founded in 1733, also the birthplace of Girl Scouts Savannah
39%
Indian city known for handling most of the world's diamonds Surat
39%
No matching quizzes found
Score Distribution
Percent of People with Each Score
Percentile by Number Answered
Your Score History
You have not taken this quiz